LIBRARY ONLINE CATALOGUE

Strategic marketing for non-profit organizations / (Record no. 851)

MARC details
000 -LEADER
fixed length control field 00714cam a22002292 4500
001 - CONTROL NUMBER
control field 0000009468
005 - DATE AND TIME OF LATEST TRANSACTION
control field 20151021151122.0
008 - FIXED-LENGTH DATA ELEMENTS--GENERAL INFORMATION
fixed length control field 081030s xx 000 0 eng d
020 ## - INTERNATIONAL STANDARD BOOK NUMBER
International Standard Book Number 0132345545 :
Terms of availability KES 2760
040 ## - CATALOGING SOURCE
Original cataloging agency KABU
Transcribing agency KABU
050 #0 - LIBRARY OF CONGRESS CALL NUMBER
Classification number HF5415
Item number .A53 2008
100 1# - MAIN ENTRY--PERSONAL NAME
Personal name Andreasen, Alan R.
-- 0000160951
245 10 - TITLE STATEMENT
Title Strategic marketing for non-profit organizations /
Statement of responsibility, etc. Alan R. Andreasen, Philip Kotler.
250 ## - EDITION STATEMENT
Edition statement 7th ed.
260 ## - PUBLICATION, DISTRIBUTION, ETC. (IMPRINT)
Place of publication, distribution, etc. Upper Saddle River, NJ :
Name of publisher, distributor, etc. Pearson Educ.,
Date of publication, distribution, etc. 2008.
300 ## - PHYSICAL DESCRIPTION
Extent xxii, 504 p.
650 #0 - SUBJECT ADDED ENTRY--TOPICAL TERM
Topical term or geographic name as entry element Marketing.
-- 0000151351
700 1# - ADDED ENTRY--PERSONAL NAME
Personal name Kotler, P.
-- 0000160953
908 ## - PUT COMMAND PARAMETER (RLIN)
Put command parameter 081030
950 ## - LOCAL HOLDINGS (RLIN)
-- 1
Holdings
Withdrawn status Lost status Source of classification or shelving scheme Not for loan Home library Current library Date acquired Total Checkouts Full call number Barcode Date last seen Price effective from Koha item type
    Library of Congress Classification   Kabarak, Nakuru City Campus Kabarak, Nakuru City Campus 21/10/2015   HF5415 .A53 2008 c. 1 009262 21/10/2015 21/10/2015 General Collection